banner-ar

النظم السياسية فى الخليج و الجزيرة العربية : (Record no. 61836)

MARC details
000 -الفاتح
حقل البيانات ثابتة الطول 01351nam a22002897a 4500
005 - وقت وتاريخ اخر تعامل مع التسجيلة
رقم الضبط 20240530110518.0
008 - عناصر البيانات ثابتة الطول - معلومات عامة
حقل البيانات ثابتة الطول 160210s2013 su a g b 000 0 ara d
017 ## - رقم الايداع القانونى
رقم الايداع القانونى 1433/8109
المصدر ( الهيئة المختصة) السعودية . مكتبة الملك فهد الوطنية
020 ## - الرقم الدولى المعيارى للكتب
الرقم الدولى المعيارى للكتاب 9786038120385
040 ## - مصدر الفهرسة
وكالة الفهرسة الأصلية EG-CaGPL
082 04 - رقم تصنيف ديوى العشرى
رقم الطبعة 21
رقم التصنيف 320.953\
رقم المادة م ن
100 0# - المدخل الرئيسى - إسم شخصى
الإسم الشخصى محمد احمد العدوى .
245 12 - بيان العنوان
العنوان النظم السياسية فى الخليج و الجزيرة العربية :
بقية العنوان قضايا نظرية و حالات دراسية /
بيان المسئوليه,etc محمد احمد العدوى .
250 ## - بيان الطبعة
بيان الطبعة ط2.
260 ## - PUBLICATION, DISTRIBUTION, ETC. (IMPRINT)
تاريخ النشر أو التوزيع 2013
300 ## - الوصف المادى
التعداد 244 ص ؛
أبعاد الوعاء 24 سم .
504 ## - تبصرة ببليوجرافية
تبصرة ببليوجرافية,الخ يشتمل على ارجاعات ببليوجرافية
651 04 - المدخل الاضافى بالموضوع - اسم جغرافى
الاسم الجغرافي العالم العربى
التقسيم الفرعي العام الاحوال السياسية .
651 04 - المدخل الاضافى بالموضوع - اسم جغرافى
الاسم الجغرافي الامارات العربية المتحدة
التقسيم الفرعي العام الاحوال السياسية .
651 04 - المدخل الاضافى بالموضوع - اسم جغرافى
الاسم الجغرافي اليمن
التقسيم الفرعي العام الاحوال السياسية .
651 04 - المدخل الاضافى بالموضوع - اسم جغرافى
الاسم الجغرافي الكويت
التقسيم الفرعي العام الاحوال السياسية .
651 04 - المدخل الاضافى بالموضوع - اسم جغرافى
الاسم الجغرافي السعودية
التقسيم الفرعي العام الاحوال السياسية .
651 04 - المدخل الاضافى بالموضوع - اسم جغرافى
الاسم الجغرافي الخليج العربى
التقسيم الفرعي العام العلاقات الخارجية .
651 04 - المدخل الاضافى بالموضوع - اسم جغرافى
الاسم الجغرافي الخليج العربى
التقسيم الفرعي العام الاحوال السياسية .
942 ## - عناصر المدخل الإضافي( كوها)
مصدر التصنيف او مخطط الترفيف Dewey Decimal Classification
Koha [default] item type كتاب
260 ## - PUBLICATION, DISTRIBUTION, ETC. (IMPRINT)
-- الرياض :
-- دار الزهراء ،
Holdings
حالة التراجع حالة الفقد حالة تلف ليس للاعارة المكان المؤقت الموقع الحالى تاريخ الاكتساب اجمالي اﻻعارات رقم الطلب الباركود تاريخ اخر مشاهدة تاريخ تفعيل السعر نوع وعاء كوها
        مكتبة القاهرة الكبرى مكتبة القاهرة الكبرى 02/10/2016   320.953\ م ن 161265 02/10/2016 02/10/2016 كتاب

Powered By

EGPV